Brokátový obraz : pro čtenáře od 8 let /

Main Author: Šťovíčková, Dana, 1929-1976
Other Authors: Šťovíčková, Milada
Language: Czech
Published: Praha : Albatros, 1978
Edition: 1. vyd.
Online Access: Digitalizovaný dokument
Physical Description: 182 s., obr. příl.
Book
Saved in:
LEADER 00977nam a2200253 a 4500
001 000672401
003 CZ BrMZK
005 20030602134201.0
008 030602s1978 xr f cze d
015 |a cnb000155176 
035 |a (OCoLC)42141840 
040 |a BOA001  |b cze  |c BOA001 
100 1 |a Šťovíčková, Dana,  |d 1929-1976  |7 jk01131512  |4 aut  |4 wfw 
245 1 0 |a Brokátový obraz :  |b pro čtenáře od 8 let /  |c vypravují Dana a Milada Šťovíčkovy 
250 |a 1. vyd. 
260 |a Praha :  |b Albatros,  |c 1978 
300 |a 182 s., obr. příl. 
500 |a Ilustr. Eva Bednářová 
500 |a Doslov Dany Šťovíčkové-Heroldové 
700 1 |a Šťovíčková, Milada  |7 jk01131513  |4 aut 
856 4 1 |u http://www.digitalniknihovna.cz/mzk/uuid/uuid:c9760f30-9dc2-11e2-9a9f-005056827e51  |y Digitalizovaný dokument  |x NDK 
910 |a BOA001  |b PK-N-0019.167 
990 |a BK 
996 7 |b 3119664228  |c PK-N-0019.167  |l MZK  |r Sklad / do 1 hodiny  |n 1  |w 000672401  |u 000010  |a 1  |e BOA001  |j MZK50  |s A